000 00252nam a22001217a 4500
008 181224b xxu||||| |||| 00| 0 eng d
041 _aeng
080 _a721
100 _a41
101 _aNDE
245 _aA Library Story
_cVogel,J
942 _2udc
_cBK
999 _c53746
_d53746